[Event "TCh-ESP"]
[Site "Barcelona ESP"]
[Date "2000.08.12"]
[Round "8"]
[White "De la Villa Garcia,J"]
[Black "Herraiz Lopez,H"]
[Result "1-0"]
[WhiteElo "2458"]
[BlackElo "2415"]

1.d4 Nf6 2.Bg5 e6 3.e4 h6 4.Bxf6 Qxf6 5.Nc3 d6 6.Qd2 g5 7.O-O-O a6 8.g3 h5
9.e5 Qh6 10.f4 gxf4 11.gxf4 Bd7 12.Nf3 Nc6 13.Ng5 Be7 14.h4 Rf8 15.d5 Nb4
16.Bg2 O-O-O 17.Qd4 c5 18.dxc6 Nxc6 19.Qb6 dxe5 20.Rxd7 Rxd7 21.Bxc6 bxc6
22.Qxc6+ Rc7 23.Qa8+ Kd7 24.Rd1+ Bd6 25.Qxa6  1-0

[Event "TCh-ESP"]
[Site "Barcelona ESP"]
[Date "2000.08.12"]
[Round "8"]
[White "Lillo Ferrer,J"]
[Black "Moya Soriano,M"]
[Result "1/2-1/2"]
[WhiteElo "2260"]
[BlackElo "2208"]

1.d4 Nf6 2.Bg5 e6 3.e4 h6 4.Bxf6 Qxf6 5.c3 c5 6.d5 d6 7.Nd2 Be7 8.Bb5+ Nd7
9.dxe6 Qxe6 10.Nh3 g5 11.O-O Qg6 12.f4 O-O 13.f5 Qg7 14.Bxd7 Bxd7 15.Nf2 Rfd8
16.Qh5 f6 17.Ng4 Bf8 18.e5 fxe5 19.Ne4 d5 20.Nef6+ Kh8 21.Nxd7 Rxd7 22.f6 Qf7
23.Qxf7 Rxf7 24.Nxe5 Rc7 25.Rae1 Bd6 26.Ng6+ Kh7 27.Re6 Kxg6 28.Rxd6 Rf8  1/2-1/2

[Event "FSIMA August"]
[Site "Budapest HUN"]
[Date "2000.08.13"]
[Round "9"]
[White "Ibanez Terradellas,E"]
[Black "Cooke,E"]
[Result "0-1"]
[WhiteElo "2289"]
[BlackElo "2275"]

1.d4 Nf6 2.Bg5 e6 3.e4 h6 4.Bxf6 Qxf6 5.Nc3 d6 6.Qd2 Qe7 7.O-O-O b6 8.f4 Bb7
9.Nf3 Nd7 10.e5 O-O-O 11.Bd3 Kb8 12.Ne4 d5 13.Ng3 c5 14.c3 g6 15.h4 h5 16.Ng5 c4
17.Bc2 b5 18.Rhf1 Nb6 19.Rde1 a5 20.a3 Ba6 21.Kd1 Rd7 22.Ke2 b4 23.axb4 axb4
24.Kf2 b3 25.Bb1 Bb5 26.Qe2 Ra7 27.Kg1 Qd7 28.f5 gxf5 29.Bxf5 exf5 30.e6 Qc7
31.Nxf5 f6 32.Nf7 Rh7 33.Qf3 Be8 34.e7 Rxf7 35.exf8=Q Rxf8 36.Re7 Bd7 37.Qxh5 Nc8
38.Rg7 Nd6 39.Ne3 Be8 40.Rxc7 Bxh5 41.Rxa7 Kxa7 42.Nxd5 f5 43.Ne3 Rf7 44.Ra1+ Kb7
45.Ra5 f4 46.Nxc4 Nxc4 47.Rxh5 Ka6  0-1

[Event "FSELOA August"]
[Site "Budapest HUN"]
[Date "2000.08.15"]
[Round "11"]
[White "Mihok,L"]
[Black "Szirmai,Ed"]
[Result "1-0"]
[WhiteElo "2205"]
[BlackElo "2120"]

1.d4 Nf6 2.Bg5 e6 3.e4 h6 4.Bxf6 Qxf6 5.Nc3 b6 6.Qd2 Bb7 7.f4 Bb4 8.e5 Qh4+
9.g3 Qe7 10.Bg2 Bxg2 11.Qxg2 Bxc3+ 12.bxc3 Nc6 13.Ne2 O-O 14.O-O Na5 15.Qe4 d6
16.Rf2 f5 17.exf6 Qxf6 18.Raf1 Qf5 19.Qd3 d5 20.Nc1 Nc4 21.Re2 Rae8 22.Rfe1 Kf7
23.Nb3 Qxd3 24.cxd3 Nd6 25.Nd2 c5 26.Nf3 c4 27.Ne5+ Kg8 28.dxc4 dxc4 29.Nc6 Nb5
30.Rc1 a6 31.Rb2 g5 32.fxg5 Rf3 33.Rbc2 hxg5 34.Ne5 Re3 35.Nxc4 Re4 36.a4 Rc8
37.Nd2  1-0

[Event "IV Taca Brasilia CC"]
[Site "Brasilia BRA"]
[Date "2000.08.17"]
[Round "1"]
[White "Roland,M"]
[Black "Matsuura,E"]
[Result "0-1"]
[WhiteElo "2155"]
[BlackElo "2443"]

1.d4 Nf6 2.Bg5 e6 3.e4 h6 4.Bxf6 Qxf6 5.Nc3 d6 6.Bc4 c6 7.Nf3 e5 8.Qd2 Bg4
9.dxe5 dxe5 10.O-O-O Be7 11.Kb1 O-O 12.Qe3 b5 13.Bb3 Na6 14.a4 Bc5 15.Qe2 Bd4
16.axb5 Nc5 17.bxc6 Bxc3 18.bxc3 Qxc6 19.Qc4 Qb6 20.Nxe5 Bxd1 21.Rxd1 Rac8
22.Ng4 Nxb3 23.Qxb3 Qg6 24.Ne5 Qxe4 25.Nd7 Rfe8 26.f3 Qc6 27.Rd3 Rc7 28.Qd5 Re1+
29.Kb2 Rb7+  0-1

[Event "ch-ESP"]
[Site "Barcelona ESP"]
[Date "2000.08.19"]
[Round "2"]
[White "Jimenez Villena,F"]
[Black "Narciso Dublan,M"]
[Result "0-1"]
[WhiteElo "2233"]
[BlackElo "2507"]

1.d4 Nf6 2.Bg5 e6 3.Nd2 h6 4.Bh4 c5 5.e3 d5 6.c3 Nbd7 7.Bg3 Be7 8.Bd3 b6
9.f3 O-O 10.Ne2 Nh5 11.f4 f5 12.c4 Nxg3 13.hxg3 Nf6 14.Nf3 dxc4 15.Bxc4 b5
16.Bxb5 Qa5+ 17.Nc3 Rb8 18.Ne5 Ne4 19.a4 Nxc3 20.bxc3 Qxc3+ 21.Kf2 cxd4 22.exd4 Qb2+
23.Kg1 Bf6 24.Bc6 Rd8  0-1

[Event "ch-ESP"]
[Site "Barcelona ESP"]
[Date "2000.08.26"]
[Round "8"]
[White "Jimenez Villena,F"]
[Black "Cano Sanchez,J"]
[Result "0-1"]
[WhiteElo "2233"]
[BlackElo "2361"]

1.d4 Nf6 2.Bg5 e6 3.Nd2 c5 4.e4 cxd4 5.e5 Qa5 6.Bxf6 gxf6 7.exf6 Qe5+ 8.Be2 Qxf6
9.Ngf3 d5 10.O-O Bg7 11.Nb3 Nc6 12.Bb5 O-O 13.Re1 Qf4 14.Bxc6 bxc6 15.Nfxd4 c5
16.Ne2 Qc7 17.c3 a5 18.a3 Bd7 19.Ng3 f5 20.Qd2 f4 21.Nh5 Bh6 22.g4 Qb6 23.Nc1 Be8
24.Nd3 Bxh5 25.gxh5 Bg7 26.Nxf4 Bh6 27.Nxd5 exd5 28.Qxd5+ Kh8 29.Re6 Qxb2
30.Ra2 Qc1+ 31.Kg2 Rg8+ 32.Rg6 hxg6  0-1

[Event "ch-HUN KO"]
[Site "Budapest HUN"]
[Date "2000.08.30"]
[Round "2.1"]
[White "Vegh,E"]
[Black "Fogarasi,T"]
[Result "0-1"]
[WhiteElo "2306"]
[BlackElo "2456"]

1.d4 Nf6 2.Bg5 e6 3.e4 h6 4.Bxf6 Qxf6 5.Nc3 Bb4 6.Qd2 d6 7.f4 Bxc3 8.bxc3 e5
9.g3 O-O 10.Nf3 Bg4 11.dxe5 Qe7 12.Ng1 dxe5 13.f5 Rd8 14.Qe3 f6 15.h3 Bh5
16.g4 Bf7 17.Nf3 Nd7 18.Bd3 Qa3 19.Be2 Nb6 20.g5 hxg5 21.h4 g4 22.Nd2 Qb2
23.Rd1 Bh5 24.Rg1 Qxc2 25.Bxg4 Rd3 26.Qc5 Rxc3 27.Qe7 Re8 28.Qb4 Bxg4 29.Rxg4 Re3+  0-1

[Event "6th WUCC"]
[Site "Golden Sands BUL"]
[Date "2000.09.05"]
[Round "5"]
[White "Vasilev,M"]
[Black "Zoler,D"]
[Result "0-1"]
[WhiteElo "2316"]
[BlackElo "2526"]

1.d4 Nf6 2.Bg5 e6 3.e4 h6 4.Bxf6 Qxf6 5.Nc3 d6 6.Qd2 c6 7.O-O-O e5 8.g3 Nd7
9.f4 exd4 10.Qxd4 Qxd4 11.Rxd4 Nb6 12.Nf3 Bd7 13.Bg2 O-O-O 14.Nd2 Be7 15.Rd3 Rhe8
16.a4 a5 17.Nb3 Kc7 18.Re1 Bf6 19.Nxa5 Ra8 20.b4 d5 21.Kd2 Nc4+ 22.Nxc4 dxc4
23.Rxd7+ Kxd7 24.e5 Be7 25.Rb1 Kc7 26.Bf1 Red8+ 27.Ke3 b5 28.a5 f6 29.Ne4 fxe5
30.fxe5 Rd5 31.c3 Rxe5 32.Bg2 Bg5+ 33.Kf3 h5 34.Rd1 Rae8 35.Rd4 Rf5+ 36.Ke2 Bf6
37.Rd1 Bxc3 38.a6 Bxb4 39.a7 Bc5 40.Ra1 Rf2+ 41.Kd1 Rxg2 42.a8=Q Rxa8 43.Rxa8 Bd4
44.Rg8  0-1

[Event "zt 1.1"]
[Site "Mondariz ESP"]
[Date "2000.09.05"]
[Round "3"]
[White "McMahon,D"]
[Black "Comas Fabrego,L"]
[Result "0-1"]
[WhiteElo "2246"]
[BlackElo "2516"]

1.d4 Nf6 2.Bg5 e6 3.Nf3 h6 4.Bh4 c5 5.dxc5 Bxc5 6.e3 O-O 7.Bd3 d5 8.a3 Be7
9.Nc3 Nbd7 10.O-O b6 11.Bg3 Bb7 12.Qe2 Nc5 13.Ne5 Nxd3 14.cxd3 d4 15.Nb5 Qd5
16.Qf3 Qxf3 17.gxf3 dxe3 18.fxe3 a6 19.Nc3 b5 20.b4 Rac8 21.Rac1 Rfd8 22.e4 Nd7
23.Ne2 Nxe5 24.Bxe5 f6 25.Bg3 Rxd3 26.Nf4 Rdc3 27.Rxc3 Rxc3 28.Nxe6 Kf7 29.Nc5 Bc8
30.Ra1 Rxf3 31.a4 a5 32.axb5 axb4 33.Rc1 Rc3 34.Rxc3 bxc3 35.Nb3 c2 36.e5 Ba3
37.exf6 Be6  0-1

[Event "FSIMB September"]
[Site "Budapest HUN"]
[Date "2000.09.06"]
[Round "5"]
[White "Gouret,T"]
[Black "Dudas,Jano"]
[Result "1/2-1/2"]
[WhiteElo "2346"]
[BlackElo "2338"]

1.d4 Nf6 2.Bg5 e6 3.Nc3 h6 4.Bxf6 Qxf6 5.e4 Bb4 6.Qd2 d6 7.a3 Ba5 8.Bc4 Nc6
9.Nge2 e5 10.b4 Bb6 11.Nd5 Qg5 12.f4 exf4 13.c3 Qh4+ 14.Kd1 Ne7 15.Qxf4 Qxf4
16.Nexf4 Nxd5 17.Nxd5 Be6 18.Kc2 c6 19.Nxb6 axb6 20.Bxe6 fxe6 21.Rhf1 Ke7
22.a4 Rhf8 23.Kb3 Kd7 24.Rae1 e5  1/2-1/2

[Event "6th WUCC Women"]
[Site "Golden Sands BUL"]
[Date "2000.09.10"]
[Round "9"]
[White "Lomineishvili,M"]
[Black "Besheva,S"]
[Result "1-0"]
[WhiteElo "2376"]
[BlackElo "2136"]

1.d4 Nf6 2.Bg5 e6 3.e4 c5 4.e5 h6 5.Bc1 Nh7 6.c3 d6 7.Nf3 Nc6 8.Bb5 Bd7 9.exd6 Bxd6
10.dxc5 Bxc5 11.O-O O-O 12.Qe2 Nf6 13.Nbd2 Ne7 14.Bd3 Bc6 15.Ne5 Ned5 16.Ndf3 Qc7
17.Bc2 Rfd8 18.a3 Rac8 19.Re1 Be8 20.c4 Nb6 21.b3 Nbd7 22.Bb2 Be7 23.Rac1 Nxe5
24.Nxe5 Bc5 25.Ng4 Qf4 26.Nxf6+ gxf6 27.Rcd1 Bc6 28.Bc1 Qh4 29.b4 Bd6 30.g3 Qh3
31.Be4 Bxe4 32.Qxe4 b6 33.Bb2 Be7 34.Qb7 Kf8 35.Rxd8+ Rxd8 36.Qxa7 Rd2 37.Bc1 Rc2
38.Qxb6 Rxc4 39.Be3 f5 40.Bd4 Rc8 41.Qb5 f4 42.Qe5 Ke8 43.Qxf4  1-0

[Event "Najdorf Final KO"]
[Site "Buenos Aires ARG"]
[Date "2000.09.12"]
[Round "2.2"]
[White "Slipak,S"]
[Black "Fiorito,F"]
[Result "1/2-1/2"]
[WhiteElo "2520"]
[BlackElo "2418"]

1.d4 Nf6 2.Bg5 e6 3.e4 c5 4.e5 h6 5.Bc1 Nh7 6.Bd3 cxd4 7.Bxh7 Rxh7 8.Nf3 Nc6
9.O-O d6 10.Bf4 dxe5  1/2-1/2

[Event "ch-GRE"]
[Site "Agios Nikolaos GRE"]
[Date "2000.10.16"]
[Round "4"]
[White "Karayannis,A"]
[Black "Markidis,K"]
[Result "1-0"]
[WhiteElo "2349"]
[BlackElo "2337"]

1.d4 Nf6 2.Bg5 e6 3.e4 h6 4.Bxf6 Qxf6 5.Nc3 d6 6.Nf3 Qe7 7.Bd3 g6 8.Qe2 Bg7
9.O-O-O a6 10.e5 d5 11.Kb1 Nc6 12.Qe3 Nb4 13.Be2 b6 14.h4 Bd7 15.h5 g5 16.a3 Nc6
17.Nh2 b5 18.Na2 Na5 19.Ng4 Nc4 20.Qc3 a5 21.Rdf1 c5 22.Bxc4 bxc4 23.f4 Rb8
24.Qxa5 cxd4 25.Qa7 O-O 26.Nb4 c3 27.fxg5 Rxb4 28.axb4 Qxb4 29.Qa3 Qb7 30.gxh6 Ra8
31.Qxa8+ Qxa8 32.hxg7 Ba4 33.h6 Bxc2+ 34.Kxc2 Qa4+ 35.Kb1 c2+ 36.Kc1 Qa1+
37.Kxc2 d3+ 38.Kb3  1-0

[Event "FSIMA October"]
[Site "Budapest HUN"]
[Date "2000.10.17"]
[Round "11"]
[White "Bree,T"]
[Black "Somogyi,I"]
[Result "1/2-1/2"]
[WhiteElo "2252"]
[BlackElo "2260"]

1.d4 Nf6 2.Bg5 e6 3.e4 h6 4.Bxf6 Qxf6 5.Nf3 c5 6.e5 Qd8 7.d5 d6 8.Bb5+ Bd7
9.Qe2 Bxb5 10.Qxb5+ Qd7 11.Nc3 exd5 12.Nxd5 Qxb5 13.Nc7+ Kd7 14.Nxb5 Kc6
15.Nc3 Nd7 16.O-O-O Re8 17.Rhe1  1/2-1/2

[Event "ch-GRE"]
[Site "Agios Nikolaos GRE"]
[Date "2000.10.23"]
[Round "11"]
[White "Halkias,S"]
[Black "Markidis,K"]
[Result "1-0"]
[WhiteElo "2502"]
[BlackElo "2337"]

1.d4 Nf6 2.Bg5 e6 3.c4 h6 4.Bh4 d5 5.Nc3 Be7 6.Nf3 Nbd7 7.e3 O-O 8.Bd3 b6
9.O-O Bb7 10.Bg3 a6 11.cxd5 exd5 12.Rc1 c5 13.Bb1 Re8 14.Ne5 Nf8 15.Na4 c4
16.b3 Ba3 17.Rc3 Bb4 18.Rc1 Ba3 19.Rc2 Rc8 20.Bh4 b5 21.Nc3 Bb4 22.Ne2 Ng6
23.Nxg6 fxg6 24.Bg3 g5 25.h3 Qe7 26.Be5 Ne4 27.f3 Nc5 28.Ng3 Nd3 29.f4 Rf8
30.Rcf2 gxf4 31.exf4 Qh4 32.Rf3 Nxe5 33.fxe5 Rxf3 34.Rxf3 Rf8 35.Nf5 Qd8
36.Qc2  1-0

[Event "11th ch-NATO"]
[Site "Leopoldsburg BEL"]
[Date "2000.10.27"]
[Round "7"]
[White "Dreesen,J"]
[Black "Wantiez,F"]
[Result "1-0"]
[WhiteElo "2119"]
[BlackElo "2244"]

1.d4 Nf6 2.Bg5 e6 3.Nd2 Be7 4.e3 b6 5.f4 Bb7 6.Ngf3 c5 7.Bd3 Nc6 8.c3 Rc8
9.Qe2 Qc7 10.O-O cxd4 11.Nxd4 d6 12.e4 O-O 13.Rae1 h6 14.Nb5 Qb8 15.Bh4 Rfd8
16.Nf3 a6 17.Nbd4 Nxd4 18.cxd4 Qc7 19.Nd2 d5 20.Bxf6 dxe4 21.Be5 exd3 22.Qg4 Qxe5
23.fxe5 Rc2 24.Rf2 Bg5 25.Nf3 d2 26.Nxd2 Bxd2 27.Qd1 Bxe1 28.Rxc2 Bb4 29.a3 Bf8
30.Rc7 Be4 31.Qf1 g5 32.Qf6 Rxd4  1-0

[Event "4th OIBM"]
[Site "Bad Wiessee GER"]
[Date "2000.11.01"]
[Round "5"]
[White "Agdestein,S"]
[Black "Mainka,R"]
[Result "1/2-1/2"]
[WhiteElo "2590"]
[BlackElo "2463"]

1.d4 Nf6 2.Bg5 e6 3.e4 h6 4.Bxf6 Qxf6 5.c3 d6 6.Bb5+ Nd7 7.Ne2 Qg5 8.Bxd7+ Bxd7
9.O-O g6 10.Nd2 Bg7 11.f4 Qe7 12.e5 O-O-O 13.b4 g5 14.Rb1 gxf4 15.exd6 Qxd6
16.Nxf4 e5 17.Nh5 Qg6 18.Nxg7 Qxg7 19.Nf3 Bc6 20.b5 Be4 21.Rb4 f5 22.Rf2 Kb8
23.Qe2 Bxf3 24.Qxf3 exd4 25.Rxd4 Rxd4 26.cxd4 Qxd4 27.Qxf5 Re8 28.g4 b6 29.Kg2 Qc4
30.Kh3 Qd4 31.Rf3 Rg8 32.Qe6 Rd8 33.Qxh6 Qd1 34.Qf6 Rd6 35.Qf8+ Rd8 36.Qf6 Rd6
37.Qf4 Rd4 38.Qe3 Rd8 39.Kg3 Qc2 40.Qe7 Qd1 41.Qe3 Qc2 42.Qf2 Qc4 43.Qb2 Qc5
44.a4 Qd6+ 45.Kg2 Qd1 46.Qb4 Rd4 47.Qf8+ Kb7 48.Kh3 Qxa4 49.Qe8 Rd6 50.Re3 Qd1
51.Qe4+ Kb8 52.Qf3 Rh6+ 53.Kg2 Qd8 54.Qe4 Rh8 55.h3 Qd7 56.Qe5 Rf8 57.Rf3 Re8
58.Qf5 Qd4 59.g5 Re5 60.Qf8+ Kb7 61.h4 Qxh4 62.Rg3 Re2+ 63.Kf1 Qe4 64.Qf3 Qxf3+
65.Rxf3 Re5 66.Rg3 Rxb5 67.g6 Rf5+ 68.Ke2 Rf8 69.Kd3 Kc6 70.Ke4 a5 71.Ke5 b5
72.Ke6 b4 73.Ke7 Rg8 74.Kf7 Rxg6 75.Rxg6+ Kb5 76.Ke6 a4 77.Kd5 b3 78.Kd4 Kb4
79.Kd3 Ka3 80.Kc3 b2 81.Rg1 Ka2 82.Kc2 a3 83.Rh1 c5 84.Rg1 c4 85.Rh1 c3 86.Rb1  1/2-1/2

[Event "34th Olympiad"]
[Site "Istanbul TUR"]
[Date "2000.11.04"]
[Round "7"]
[White "Garcia,Rau"]
[Black "Williams,Lei"]
[Result "1/2-1/2"]
[WhiteElo "2318"]
[BlackElo "2317"]

1.d4 Nf6 2.Bg5 e6 3.Nd2 h6 4.Bh4 c5 5.e3 cxd4 6.exd4 Be7 7.Ngf3 b6 8.Bd3 Bb7
9.O-O d6 10.c3 Nbd7 11.Re1 O-O 12.Nc4 b5 13.Ncd2 Bc6 14.Qe2 Rb8 15.Rac1 Re8
16.Bg3 Nf8 17.Ne4 Nh5 18.Nfd2 Nxg3 19.Nxg3 Bg5 20.Rcd1 Bxd2 21.Qxd2 a5 22.Qf4 Bd5
23.a3 Rb6 24.Ne4 Ng6 25.Qg3 Qh4 26.Qxh4 Nxh4 27.f3 Rc8 28.Nd2 g5 29.Be4 Bxe4
30.fxe4  1/2-1/2

[Event "Chigorin Mem"]
[Site "St Petersburg RUS"]
[Date "2000.11.09"]
[Round "8"]
[White "Chepukaitis,G"]
[Black "Neverov,V"]
[Result "1/2-1/2"]
[WhiteElo "2424"]
[BlackElo "2547"]

1.d4 Nf6 2.Bg5 e6 3.Nd2 h6 4.Bh4 c5 5.e3 Nc6 6.c3 b6 7.Ngf3 Be7 8.Be2 O-O
9.O-O Bb7 10.Re1 cxd4 11.exd4 Nh5 12.Bg3 Nxg3 13.hxg3 Re8 14.a4 Bf8 15.Bd3 g6
16.Qe2 Rb8 17.Bb5 Bg7 18.Nf1 Qc7 19.Rad1 Ne7 20.Ne3 Red8 21.Ng4 Nf5 22.Ne3 Nxe3
23.Qxe3 a6 24.Bf1 d6 25.Ra1 Re8 26.Red1 Re7 27.Ne1 e5 28.dxe5 dxe5 29.Qd2 Ree8
30.Qd7 Qxd7 31.Rxd7 Red8 32.Rad1 Rxd7 33.Rxd7 Bc6 34.Rc7 Bxa4 35.Bxa6 Bf8
36.Bc4 Be8 37.Nc2 Bd6 38.Ra7 Kf8 39.Ra6 Be7 40.Ne3 b5 41.Bd5 Rd8 42.Ra8 h5
43.Kf1 f5 44.Ke2 Rxa8 45.Bxa8 Bd6 46.Bb7 Ke7 47.Nc2 Bf7 48.Bc6 Bc4+ 49.Kd2 e4
50.b4 Bb8 51.Nd4 Ba7 52.f3 exf3 53.gxf3 Bxd4 54.cxd4 g5 55.Ke3 h4 56.gxh4 gxh4
57.f4 Kd6 58.Bg2 Bd5 59.Bf1 Be4 60.Kf2 Ke6 61.Ke3 Kd5 62.Kf2 Kxd4 63.Bxb5 Kc3
64.Bd7 Kxb4 65.Kg1 Kc5  1/2-1/2

[Event "34th Olympiad"]
[Site "Istanbul TUR"]
[Date "2000.11.10"]
[Round "13"]
[White "Hernandez Basante,F"]
[Black "Solomon,K"]
[Result "1/2-1/2"]
[WhiteElo "2309"]
[BlackElo "2267"]

1.d4 Nf6 2.Bg5 e6 3.e3 Be7 4.Bd3 d5 5.Nd2 b6 6.c3 O-O 7.Qe2 Bb7 8.Bxf6 Bxf6
9.f4 c5 10.Ngf3 Qc8 11.Ne5 Bxe5 12.fxe5 Ba6 13.O-O Bxd3 14.Qxd3 Qa6 15.Qc2 Nc6
16.Nf3 h6 17.g4 Rac8 18.g5 h5 19.g6 f6 20.e4 cxd4 21.exd5 Nb4 22.Qf2 Nxd5
23.Qh4 Qd3 24.Qxh5 Qe3+ 25.Rf2 Qh6 26.Qxh6 gxh6 27.Nxd4 fxe5 28.Rxf8+ Kxf8
29.Nf3 e4 30.Ne5 Kg7 31.Re1 Nf6 32.Nf7 Kxg6 33.Nd6 Rc5 34.Re2 Re5 35.Kf2  1/2-1/2

[Event "VI Open"]
[Site "Lisbon POR"]
[Date "2000.11.26"]
[Round "9"]
[White "Kessler,B"]
[Black "Spraggett,K"]
[Result "0-1"]
[WhiteElo "2107"]
[BlackElo "2501"]

1.d4 Nf6 2.Bg5 e6 3.Bxf6 Qxf6 4.e4 d6 5.Nc3 a6 6.Qd2 g6 7.f4 Bg7 8.O-O-O Qe7
9.g4 h5 10.gxh5 Rxh5 11.Be2 Rh8 12.h4 Nd7 13.Nf3 Nf6 14.Ng5 Bd7 15.e5 Nh5
16.exd6 Qxd6 17.Bxh5 Rxh5 18.Nce4 Qd5 19.Kb1 Bc6 20.Rh3 Rh8 21.Nc3 Qf5 22.d5 Bxc3
23.Rxc3 O-O-O 24.Qf2 Rxd5 25.Rxd5 exd5 26.b3 Re8 27.Qd4 f6 28.Nh7 g5 29.Nxf6 Re1+
30.Kb2 gxh4 31.Qf2 Re6 32.Ng8 Re8 33.Qa7 Qg6  0-1

[Event "TCh-SVK"]
[Site "SVK"]
[Date "2000.11.26"]
[Round "4"]
[White "Mojzis,M"]
[Black "Orgon,D"]
[Result "1-0"]
[WhiteElo "2169"]
[BlackElo "2047"]

1.d4 Nf6 2.Bg5 e6 3.e4 h6 4.Bxf6 Qxf6 5.Nc3 Bb4 6.Qd2 d5 7.e5 Qe7 8.a3 Ba5
9.b4 Bb6 10.Na4 Bd7 11.Nc5 Bxc5 12.bxc5 b6 13.Qc3 O-O 14.Nf3 Nc6 15.Bd3 Rfb8
16.O-O a5 17.cxb6 Rxb6 18.Rfb1 Rab8 19.Rxb6 Rxb6 20.g3 Qd8 21.Kg2 Qb8 22.Qc5 Qf8
23.Bh7+  1-0

[Event "1st It"]
[Site "Odivelas POR"]
[Date "2000.11.29"]
[Round "2"]
[White "Fernandes,An"]
[Black "Dias,P"]
[Result "1-0"]
[WhiteElo "2438"]
[BlackElo "2302"]

1.d4 Nf6 2.Bg5 e6 3.e4 h6 4.Bxf6 Qxf6 5.Nf3 d6 6.Nc3 g5 7.e5 Qe7 8.Bb5+ Bd7
9.O-O Bg7 10.Qe2 Nc6 11.Rfe1 dxe5 12.d5 Nd4 13.Nxd4 exd4 14.dxe6 fxe6 15.Nd5 Bxb5
16.Qxb5+ c6 17.Qa4 b5 18.Qa6 Qd8  1-0

[Event "FSIMA December"]
[Site "Budapest HUN"]
[Date "2000.12.02"]
[Round "1"]
[White "Mensch,E"]
[Black "Eperjesi,L"]
[Result "1-0"]
[WhiteElo "2302"]
[BlackElo "2370"]

1.d4 Nf6 2.Bg5 e6 3.e3 h6 4.Bh4 Be7 5.Nd2 b6 6.Ngf3 Bb7 7.Bd3 c5 8.c3 cxd4
9.exd4 d6 10.Qe2 Nbd7 11.O-O-O g5 12.Bg3 Nh5 13.Be4 Nxg3 14.hxg3 Bxe4 15.Qxe4 d5
16.Qe2 Qc7 17.Ne1 O-O-O 18.Nd3 Kb7 19.Kb1 Bd6 20.Rde1 Rde8 21.Qf3 Nb8 22.Rh2 Nc6
23.Qd1 f6 24.Reh1 e5 25.dxe5 fxe5 26.Nb3 Rd8 27.Ka1 Bf8 28.Qe2 e4 29.Ndc1 Bg7
30.Rd1 Rhe8 31.Qb5 d4 32.cxd4 Ka8 33.Ne2 Qb7 34.Rhh1 Ne7 35.Nc3 Rf8 36.Rc1 Bxd4
37.Nxd4 Rxd4 38.Qe5 Nc6 39.Qe6 Nb4 40.Nb5 Rd7 41.Nd6 Qd5 42.Qxd5+ Nxd5 43.Nxe4 Nf6
44.Nxf6 Rxf6 45.Kb1 Kb7 46.f3 a5 47.Rcd1 Rc7 48.g4 Rc4 49.Rhe1 b5 50.Rc1 Rb4
51.Re7+ Kb6 52.Rce1 Rd4 53.R1e6+ Rd6 54.Rxf6 Rxf6 55.Kc2 Rd6 56.Re3 b4 57.Rd3 Re6
58.Kd2 Kc5 59.b3 a4 60.g3 a3 61.Re3 Rf6 62.Re5+ Kd4 63.Rf5 Rb6 64.Rf7 Rd6
65.Rc7 Ke5+ 66.Ke2 Kd5 67.Rc4 Rb6 68.f4 Re6+ 69.Kd2 Rb6 70.Kd3 Ke6 71.Ke4 Kf6
72.Kd5 Rb7 73.fxg5+ Kxg5 74.Kc5 Rf7 75.Rd4 h5 76.gxh5 Rf3 77.h6 Rxg3 78.h7 Rh3
79.Rd7 Kg6 80.Rc7 Rh1 81.Kxb4 Kf5 82.Kxa3 Kf6 83.Ra7  1-0

[Event "Open"]
[Site "Padova ITA"]
[Date "2000.12.02"]
[Round "1"]
[White "Zlochevskij,A"]
[Black "Danieli,E"]
[Result "1-0"]
[WhiteElo "2450"]
[BlackElo "2096"]

1.d4 Nf6 2.Bg5 e6 3.Nf3 Be7 4.Nbd2 d6 5.e4 O-O 6.Bd3 h6 7.Bh4 Nbd7 8.Qe2 c5
9.c3 a6 10.O-O Ra7 11.Rad1 b5 12.Rfe1 Re8 13.Bc2 cxd4 14.cxd4 Qb6 15.e5 dxe5
16.dxe5 Nd5 17.Bxe7 Rxe7 18.Ne4 Bb7 19.Nd6 Ra8 20.Be4 Bc6 21.Rc1 Rd8 22.Bxd5 exd5
23.Nf5 Ree8 24.Nd6 Re6 25.Nf5 Rde8 26.N3d4 Rg6 27.e6 Rexe6 28.Nxe6 Rxe6 29.Qc2 Rg6
30.Nh4 Rf6 31.Nf5 Kf8 32.Ne7 Nb8 33.Nxd5  1-0

[Event "FSIMB December"]
[Site "Budapest HUN"]
[Date "2000.12.04"]
[Round "2"]
[White "Pinter,G"]
[Black "Tian Tian"]
[Result "1/2-1/2"]
[WhiteElo "2384"]
[BlackElo "2224"]

1.d4 Nf6 2.Bg5 e6 3.e4 Be7 4.e5 Nd5 5.Bxe7 Qxe7 6.c4 Nb6 7.Nc3 d6 8.Nf3 dxe5
9.dxe5 Nc6 10.Bd3 Nd7 11.Qe2 Qc5 12.O-O Ncxe5 13.Nxe5 Qxe5 14.Qc2 a6 15.Rfe1 Qh5
16.Nd5 O-O 17.Ne7+ Kh8 18.Rad1 Nf6 19.Be4 Rb8 20.c5 Re8 21.Bf3 Qg5 22.Nxc8 Rexc8
23.Re2 Re8 24.g3 Kg8 25.Qc4 Qf5 26.Bg2 a5 27.c6 b6 28.Red2 h6 29.a3  1/2-1/2

[Event "2nd Viking GMA"]
[Site "York ENG"]
[Date "2000.12.14"]
[Round "2"]
[White "Hodgson,Ju"]
[Black "Rowson,J"]
[Result "1/2-1/2"]
[WhiteElo "2640"]
[BlackElo "2494"]

1.d4 Nf6 2.Bg5 e6 3.e4 h6 4.Bxf6 Qxf6 5.Nc3 Bb4 6.Qd2 c5 7.a3 Bxc3 8.bxc3 d6
9.Nf3 O-O 10.Be2 Nc6 11.O-O e5 12.dxe5 dxe5 13.Qe3 Bg4 14.Qxc5 Rfc8 15.Qe3 Qf4
16.Qxf4 exf4 17.Rab1 Bxf3 18.gxf3 b6 19.Rb5 Ne7 20.c4 Rc7 21.Rd1 Rac8 22.a4 Kf8
23.Kg2 g6 24.Rd6  1/2-1/2

[Event "TCh-YUG Women"]
[Site "Kragujevac YUG"]
[Date "2000.12.16"]
[Round "6"]
[White "Dragasevic Georgieva,A"]
[Black "Milovanov,O"]
[Result "1-0"]
[WhiteElo "2158"]
[BlackElo "2089"]

1.d4 Nf6 2.Bg5 e6 3.e4 h6 4.Bxf6 gxf6 5.Nf3 d6 6.Nc3 c6 7.Nd2 h5 8.Be2 Qa5
9.Nc4 Qg5 10.Ne3 Nd7 11.h4 Qg6 12.Rh3 d5 13.exd5 cxd5 14.Nb5 Bb4+ 15.c3 Ba5
16.Qa4 Bb6 17.Nd6+ Kd8 18.Rg3 Qh7 19.Bd3 Qxd3 20.Nxf7+ Ke8 21.Nxh8 Qh7 22.Ng6 Bc7
23.f4 Bd6 24.O-O-O Qg7 25.Nf1 Qh6 26.Kb1 Kd8 27.Qc2 Nb6 28.Ne3 Bd7 29.Rf3 Rc8
30.f5 Be8 31.Qf2 Bf7 32.Nf4 Qh7 33.Ka1 exf5 34.g3 Nc4 35.Nxc4 dxc4 36.Re1 Qg8
37.Qe3 Kd7 38.Qd2 Qg4 39.Qf2 Rg8 40.Rfe3 Rc8 41.Qc2 b5 42.Qg2 Rc6 43.Nd5 Bxd5
44.Qxd5 Kc7 45.Qxb5 f4 46.Qa5+ Kb7 47.gxf4 Qxf4 48.Qxh5 Kb6 49.a4 f5 50.Qf7 Qf2
51.Qd5 Qxh4 52.Re8 a6  1-0

[Event "Christmas Open"]
[Site "Zurich SUI"]
[Date "2000.12.28"]
[Round "4"]
[White "Weindl,A"]
[Black "Hug,M"]
[Result "1-0"]
[WhiteElo "2353"]
[BlackElo "2225"]

1.d4 Nf6 2.Bg5 e6 3.e4 Be7 4.Nd2 d5 5.exd5 exd5 6.Bd3 Bg4 7.Ne2 Nc6 8.c3 Bh5
9.O-O O-O 10.Qc2 Bg6 11.Rae1 Re8 12.Ng3 Qd6 13.Nf3 Nd7 14.Nf5 Bxf5 15.Bxf5 g6
16.Bf4 Qxf4 17.Bxd7 Qd6 18.Bxe8 Rxe8 19.Re2 Nd8 20.Qa4 Nc6 21.Rfe1 Qd7 22.Ne5  1-0

[Event "Open"]
[Site "Ano Liosia GRE"]
[Date "2000.12.31"]
[Round "5"]
[White "Miladinovic,I"]
[Black "Chatalbashev,B"]
[Result "1/2-1/2"]
[WhiteElo "2563"]
[BlackElo "2494"]

1.d4 Nf6 2.Bg5 e6 3.e3 c5 4.c3 d5 5.Nd2 Be7 6.Bd3 b6 7.Ngf3 Nbd7 8.Qe2 Bb7
9.h4 Ne4 10.Bf4 Rc8 11.Rh3 Bf6 12.g4 h6 13.Bc2 Nxd2 14.Qxd2 b5 15.a4 b4 16.cxb4 cxb4
17.a5 Be7 18.g5 hxg5 19.Bxg5 Nf6 20.a6 Bc6 21.Ne5 Bb5  1/2-1/2

[Event "108th ch-NZL"]
[Site "Auckland NZL"]
[Date "2001.01.04"]
[Round "5"]
[White "Depasquale,C"]
[Black "Garbett,P"]
[Result "1-0"]
[WhiteElo "2309"]
[BlackElo "2368"]

1.d4 Nf6 2.Bg5 e6 3.e4 h6 4.Bxf6 Qxf6 5.c3 d6 6.Bd3 e5 7.Ne2 Nc6 8.O-O g5
9.Na3 Bd7 10.d5 Nb8 11.Qb3 b6 12.Ng3 Qd8 13.Nc4 Be7 14.Ne3 h5 15.Qd1 g4 16.Ngf5 Bg5
17.g3 a6 18.Qe2 Rg8 19.Rae1 Bxe3 20.Nxe3 Qe7 21.h4 gxh3 22.Qxh5 h2+ 23.Qxh2 Qf6
24.Ng2 Rh8 25.Nh4 Bg4 26.f3 Bh5 27.Qg2 Nd7 28.Nf5 Bg6 29.Ne3 Nc5 30.Bc2 O-O-O
31.b4 Nd7 32.Kf2 Qg5 33.Rh1 Nf6 34.Rxh8 Rxh8 35.Rh1 Rg8 36.Qh3+ Kb7 37.Qh4 Qxh4
38.Rxh4 b5 39.Rh1 Nd7 40.a4 Nb6 41.axb5 axb5 42.Bd3 c6 43.dxc6+ Kxc6 44.Ra1 d5
45.exd5+ Nxd5 46.Bxb5+ Kxb5 47.Ra5+ Kc6 48.Rc5+ Kd6 49.Rxd5+ Ke6 50.c4 Rb8
51.c5 Bb1 52.Rd6+ Ke7 53.Nd5+ Ke8 54.b5 Ba2 55.c6  1-0

[Event "108th ch-NZL"]
[Site "Auckland NZL"]
[Date "2001.01.05"]
[Round "6"]
[White "Ker,A"]
[Black "Barlow,M"]
[Result "1-0"]
[WhiteElo "2348"]
[BlackElo "2166"]

1.d4 Nf6 2.Bg5 e6 3.e4 h6 4.Bxf6 Qxf6 5.Nf3 d6 6.Nc3 g6 7.Qd2 Bg7 8.O-O-O a6
9.h4 h5 10.Kb1 Nd7 11.Ng5 b5 12.f4 Nb6 13.e5 Qd8 14.Nce4 Bb7 15.Be2 Nd5 16.g4 hxg4
17.Bxg4 Ne7 18.Nxf7 Kxf7 19.Ng5+ Kg8 20.Bxe6+ Kf8 21.d5 Rh5 22.Rhf1 Qe8 23.Bf7 Qxf7
24.Nxf7 Kxf7 25.exd6 cxd6 26.Qb4 Rxd5 27.Rxd5 Nxd5 28.Qxd6 Re8 29.Rg1 Re6
30.Qd7+ Re7 31.Qg4 Re6 32.f5 Rd6 33.fxg6+ Kg8 34.Qh5 Rf6 35.Qh7+ Kf8 36.h5  1-0

[Event "Troll Masters"]
[Site "Gausdal NOR"]
[Date "2001.01.08"]
[Round "5"]
[White "Berg Jensen,J"]
[Black "Gausel,E"]
[Result "0-1"]
[WhiteElo "2231"]
[BlackElo "2481"]

1.d4 Nf6 2.Bg5 e6 3.e4 h6 4.Bxf6 Qxf6 5.Nc3 d6 6.Qd2 g5 7.O-O-O Bg7 8.g3 Nc6
9.Bb5 O-O 10.Bxc6 bxc6 11.f4 c5 12.Nge2 cxd4 13.Nxd4 Bb7 14.fxg5 hxg5 15.Rhf1 Qg6
16.Qe3 Rab8 17.g4 Be5 18.Qe2 Qg7 19.Qf2 a5 20.Rh1 a4 21.a3 c5 22.Nde2 Ba6
23.h4 gxh4 24.Rh3 Rb7 25.Rdh1 Rfb8 26.Nxa4 Bxe2 27.Qxe2 Ra7 28.Nc3 Qg5+ 29.Kd1 Rxb2  0-1